Loading...

Keralathile payaru vilakal : pulses crops of kerala

Bibliographic Details
Main Author: Sreedharan,C
Format: Printed Book
Language:Undetermined
Published: Thiruvananthapuram State institute of languages 1979
Subjects:
LEADER 00688nam a2200169Ia 4500
008 140316s9999 xx 000 0 und d
020
082 |a 633.3  |b SRE/KE 
100 |a Sreedharan,C 
245 |a Keralathile payaru vilakal : pulses crops of kerala 
260 |a Thiruvananthapuram  |b State institute of languages  |c 1979 
300 |a 83 
650 |a Legumes 
942 |2 ddc  |c BK 
999 |c 467  |d 467 
952 |0 0  |1 0  |2 ddc  |4 2  |6 633_300000000000000_SRE_KE  |7 0  |9 545  |a KAUCLV  |b KAUCLV  |c DAMAGED  |d 2014-03-18  |o 633.3 SRE/KE  |p 201462  |r 2014-03-18  |w 2014-03-18  |y BK 
952 |0 0  |1 0  |2 ddc  |4 2  |6 633_300000000000000_SRE_KE  |7 0  |9 546  |a KAUCLV  |b KAUCLV  |c DAMAGED  |d 2014-03-18  |o 633.3 SRE/KE  |p 201463  |r 2014-03-18  |w 2014-03-18  |y BK